| 000 | 00853nam a2200205 4500 | ||
|---|---|---|---|
| 003 | LK-CoMWRAF | ||
| 005 | 20231201120549.0 | ||
| 008 | 231004b |||||||| |||| 00| 0 eng d | ||
| 040 |
_aLK-CoMWRAF _dLK-CoMWRAF _eLK-CoMWRAF |
||
| 041 | _asin | ||
| 082 |
_a297 _bISM |
||
| 100 | _aඉස්මයිල්. නසීම් | ||
| 110 | _aකලීල්. මව්ලවි | ||
| 245 |
_aපරිශුද්ධවූ අල්-කුර් ආන් : _bඅර් ථය සිංහල භාෂාවෙන් ජූසුව 01 සිට 30 දක්වා |
||
| 246 | _aPaarishuddhawoo al-kuraan : Arthaya sinhala bhaashaawen jusuwa 01 sita 30 dakwa | ||
| 260 |
_aරත්නපුර : _bජේ. ජේ. කේ. පබ්ලිකේෂන් |
||
| 300 | _aපි. 541 | ||
| 650 | _aකුරාණය--සිංහලෙන් | ||
| 942 | _cBK | ||
| 999 |
_c3777 _d3777 |
||